Isabela viaja en el tiempo (Registro nro. 17792)

Detalles MARC
000 -LDR (LÍDER)
Campo de control de longitud fija 01501nam a2200313 a 4500
003 - IDENTIFICADOR DEL NÚMERO DE CONTROL
Campo de control CO-PeBPR
005 - FECHA Y HORA DE LA ÚLTIMA TRANSACCIÓN
Campo de control 20260426085713.0
008 - ELEMENTOS DE DATOS DE LONGITUD FIJA--INFORMACIÓN GENERAL
Campo de control de longitud fija 260415e2024 ck a|||| n||| 00| 0 spa c
040 0# - FUENTE DE CATALOGACIÓN
Agencia catalogadora original CO-PeBPR
Idioma de la agencia catalogadora spa
Agencia que transcribe CO-PeBPR
Norma para la descripción rda
041 0# - Código del Idioma
Código idioma del recurso original spa
082 04 - NÚMERO DE CLASIFICACIÓN DECIMAL DEWEY
Número de clasificación (i) Co863 J37i
100 1# - ASIENTO PRINCIPAL--NOMBRE PERSONAL
Nombre personal Jaramillo Muñoz, Carlos
Términos de relación autor
245 10 - MENCIÓN DE TÍTULO
Título propiamente dicho Isabela viaja en el tiempo
Mención de responsabilidad / Carlos Jaramillo, Pablo Correa ; ilustraciones de Alejandra Vélez
250 ## - MENCIÓN DE EDICIÓN
Mención de edición Edición especial
264 #1 - Área de la Producción Publicación, Distribución, Manufactura, etc.
Lugar de publicación, distribución, etc. Bogotá, Colombia
Nombre de la editorial, distribuidor, etc. : Ciencia Magnética
Fecha de publicación, distribución, etc. , 2024
300 ## - DESCRIPCIÓN FÍSICA
Extensión 30 páginas
Otros detalles físicos : ilustraciones a color
Dimensiones ; 24 centímetros
336 ## - Tipo de Contenido
Tipo de contenido texto
Código de tipo de contenido txt
Fuente rdacontenido
337 ## - Tipo de Medio
Tipo de Medio sin mediación
Código de tipo de medio n
Fuente rdamedio
338 ## - Tipo de Soporte
Tipo de soporte volumen
Código de tipo de soporte nc
Fuente rdasoporte
490 ## - MENCIÓN DE SERIE
Título de la serie Plan Nacional de Lectura, Escritura y Oralidad / Ministerio de Cultura, las Artes y los Saberes.
520 ## - NOTA DE RESUMEN, ETC.
Nota de sumario Al perder una carrera de atletismo en su colegio, la perezosa Isabela se siente muy triste pero su profesora de biología, Magdalena, la invita a un viaje en el tiempo para que conozca a sus antepasados y entienda el valor de su lentitud. En el viaje conocerá a la Titanoboa, la serpiente más grande que ha existido... Tomado de la contracubierta del libro.
521 ## - NOTA DE AUDIENCIA
Nota de audiencia Recomendado para 7 a 12 años.
650 14 - ASIENTO SECUNDARIO DE MATERIA - TÉRMINO TEMÁTICO
Fuente del encabezado o término LEMB
Encabezamiento temático Cuentos infantiles colombianos
650 14 - ASIENTO SECUNDARIO DE MATERIA - TÉRMINO TEMÁTICO
Fuente del encabezado o término LEMB
Encabezamiento temático Evolución
650 14 - ASIENTO SECUNDARIO DE MATERIA - TÉRMINO TEMÁTICO
Fuente del encabezado o término LEMB
Encabezamiento temático Literatura infantil colombiana
700 1# - ASIENTO SECUNDARIO - NOMBRE PERSONAL
Nombre personal Correa, Pablo
Término de relación, rol en la obra autor
700 1# - ASIENTO SECUNDARIO - NOMBRE PERSONAL
Nombre personal Vélez Giraldo, Alejandra
Término de relación, rol en la obra ilustradora
942 ## - ENTRADA DE ELEMENTOS AGREGADOS (KOHA
Fuente de clasificación o esquema de estantería. Dewey Decimal Classification
Tipo de ítem Literatura Infantil
Existencias
Estado de pérdida Fuente del sistema de clasificación o colocación Estado de daño No disponible para préstamo Colección Biblioteca de origen Biblioteca actual Ubicación en estantería Signatura topográfica completa Ejemplar Código de barras Tipo de ítem Fecha de adquisición Fuente de adquisición Total de pagos Fecha de la última vez visto
  Dewey Decimal Classification     Infantil Sala de Patrimonio Bibliográfico y Documental - Biblioteca Departamental Sala de Patrimonio Bibliográfico y Documental - Biblioteca Departamental Área Infantil (i) Co863 J37i Ej.1 RIBPD16093 Literatura Infantil 26/04/2026 Dotación MinCultura y BNC   26/04/2026